LEADER 01288nam a2200265 u 4500 001 000000111736 003 CaOOAMICUS 005 20080519142032.0 008 080519s2006 it u000 u ita u 020 $a88-217-2351-8 040 $aPUL$bita$dMCT 100 1 $aFabio, Massimo.$0(OLS)http://pul/name/67864 245 10$aManuale delle verifiche fiscali :$bguida operativa dei controlli fiscali nazionali e internazionali /$cMassimo Fabio. 260 $a[S.l.] :$bIpsoa,$c2006. 300 $axv, 463 p. ;$c24 cm. 490 1 $aManuali operativi 650 4$aFisco.$0(OLS)http://pul/subject/17813 830 0$aManuali operativi.$0(OLS)http://pul/title/139184 850 $aPUL 852 $aPUL$W1$xSL Diritto e Scienze Sociali 3$y79$m336 FABMA 1$j128037$qDDC 21$B126778$CPULBib$Z2$F126778 $H107497 $82 852 $aPUL$W1$xSL Diritto e Scienze Sociali 3$y79$m336 FABMA 1 CD$j128039$aCD$qDDC 21$B126780$CPULBib$Z2$F126780 $H107498 $82 941 1 $a9 996 $6020$a88-217-2351-8$9(OLS)http://pul/number/138091 996 $6245$aManuale delle verifiche fiscali :$bguida operativa dei controlli fiscali nazionali e internazionali$9(OLS)http://pul/title/140535 996 $6260$a[S.l.] :$bIpsoa$9(OLS)http://pul/publisher/77155 LEADER 01561nam a2200349 u 4500 001 000000060206 003 CaOOAMICUS 005 20070226120903.0 008 010717s1984 it u000 u ita u 035 $a10897531 040 $aPUL(R)$bita 041 1 $aita$hger 100 1 $aGuardini, Romano,$csacerdote,$d1885-1968.$0(OLS)http://pul/name/10232 240 10$aUnderscheidung des Christlichen.$lItaliano.$0(OLS)http://pul/title/80478 245 10$aFede - Religione - Esperienza :$bsaggi teologici /$cRomano Guardini. 260 $aBrescia :$bMorcelliana,$c1984. 300 $a226 p. ;$c19 cm 490 1 $aOpere di Romano Guardini 500 $aEdizione italiana a cura del "Centro di studi filosofici di Gallarate". 504 $aBibliografia in nota. 650 4$aFede.$0(OLS)http://pul/subject/668 650 4$aTeologia.$0(OLS)http://pul/subject/118 650 4$aEsperienza di Dio.$0(OLS)http://pul/subject/20042 830 0$aOpere di Romano Guardini.$0(OLS)http://pul/title/35127 850 $aPUL 852 $aPUL$W1$xSL Religione 2$y84$mTheol D3 3.20$j78437$nBK-PRI$b $qStampati altre collocazioni$B78437$CPULBib$Z2$F78437 $H $81 852 $aPUL$W1$xDP1 Fondo Bordoni$y120$m3 B 39.23$j171292$qFondi$B172675$CPULBib$Z2$F172675 $HBor1804 $81 941 1 $a1 941 1 $a10 961 $aINV: 53912 996 $6245$aFede - Religione - Esperienza :$bsaggi teologici$9(OLS)http://pul/title/80479 996 $6260$aBrescia :$bMorcelliana$9(OLS)http://pul/publisher/47854